- Investigación
Entrada Tema o Materia
Número de registros utilizados en: 1
001 - NUMERO DE CONTROL
- Campo de control: 7005
003 - IDENTIFICADOR DEL NUMERO DE CONTROL
- Campo de control: SpMaBN
005 - HORA Y FECHA DE LA ULTIMA TRANSACCIÓN
- Campo de control: 20220628174704.0
008 - CAMPO DE LONGITUD FIJA
- Campo fijo de descripción fija: 060788dn anznnbabn |a ana
016 ## -
- : BNE19923787027
024 7# -
- : http://id.loc.gov/authorities/subjects/sh85113024
- : lcsh
024 7# -
- : http://data.bnf.fr/ark:/12148/cb122115358
- : rameau
024 7# -
- : http://lemac.sgcb.mcu.es/Autoridades/LEMAC201229387/concept
- : lemac
040 ## -
- : SpMaBN
- : spa
- : SpMaBN
- : rdc
- : embne
042 ## -
- : 20090504
080 ## -
- : 001.818
- : 2015
150 ## - ENCABEZAMIENTO DE MATERIA-TEMA
- Téma o Materia: Investigación
- Subdivisión General: Evaluación
550 ## - REFERENCIA DE ENVIO "VEASE ADEMAS" - MATERIA
- Subcampo de control: h
- Encabezamiento temático o nombre geográfico como elemento de entrada: Proyectos de investigación
- Subdivisión General: Evaluación
550 ## - REFERENCIA DE ENVIO "VEASE ADEMAS" - MATERIA
- Encabezamiento temático o nombre geográfico como elemento de entrada: Indicadores científicos
670 ## - FUENTE EN LA QUE SE LOCALIZARON DATOS
- Cita de la fuente : LCSH
- Información localizada : (Research-Evaluation)
670 ## - FUENTE EN LA QUE SE LOCALIZARON DATOS
- Cita de la fuente : RAMEAU
- Información localizada : (Recherche-Évaluation)
670 ## - FUENTE EN LA QUE SE LOCALIZARON DATOS
- Cita de la fuente : CSIC
- Información localizada : (Investigación científica-Evaluación)
750 #7 - ASIENTO LIGADO AL ENCABEZAMIENTO - TEMATICO
- Encabezamiento temático : Recherche-Évaluation
- Source of heading or term: rameau
750 #7 - ASIENTO LIGADO AL ENCABEZAMIENTO - TEMATICO
- Encabezamiento temático : Research-Evaluation
- Source of heading or term: lcsh
750 #7 - ASIENTO LIGADO AL ENCABEZAMIENTO - TEMATICO
- Encabezamiento temático : Investigació-Avaluació
- Source of heading or term: lemac
961 ## -
- : Investigación
- : Evaluación
